Pahlawan Hang Tuah
| Format: | Book |
|---|---|
| Published: |
Kuala Lumpur :
Penerbit Arowana Sdn Bhd
|
| Series: | Warisan Malaysia
|
| Subjects: |
MARC
| LEADER | 00000cam a2200000 7i4500 | ||
|---|---|---|---|
| 001 | 0000062089 | ||
| 005 | 20120106.0 | ||
| 020 | |a 9789831721544 | ||
| 020 | |a 9831721543 | ||
| 090 | 0 | 0 | |a JF |b WAR |
| 245 | 0 | 0 | |a Pahlawan Hang Tuah |
| 260 | |a Kuala Lumpur : |b Penerbit Arowana Sdn Bhd | ||
| 300 | |a 16p. ; |c 42cm. | ||
| 490 | 0 | |a Warisan Malaysia | |
| 650 | 0 | 0 | |a Children's stories |
| 999 | |a 00254079 |b BUKU |c JUNIOR REFERENCE |e PERPUSTAKAAN KOMUNITI PETALING JAYA | ||
| 999 | |a G000428 |b BUKU |c GAMES |e PERPUSTAKAAN KOMUNITI PETALING JAYA | ||